02344njm a2200637 i 450000100060000000300090000600500170001500700150003200800410004702000150008802000150010304000360011804100080015404600090016208000130017108000120018410000460019624500320024226000400027430001190031433600390043333600360047233700230050833700260053133700630055733800320062033800360065238000110068838800140069938800140071349000590072750000380078650000790082450000630090350500890096660000340105560000430108960000350113260000430116764800140121064800140122465000270123865500280126565500260129365500260131965500210134565500230136670000270138970000460141671000530146271000290151583000580154494200120160299900170161495200750163134975KOSZ 00520240405063105.0sd fsngnnmmned061010s2005 pl munn i 000 0 d a8360004269 a8360004064 cKOSZ 005aKOSZ 005dKOSZ 005/AR0 apol k2005 a785(430) a(086.7)1 aStrauss, Richardd(1864-1949)eKompozytor10aStrauss /cRichard Strauss. aWarszawa :bMediasat Poland,c2005. a1 płyta CD (65 min 18 s) :bzapis cyfrowy, stereo ;c12 cm +e1 dodatek : 43 strony : ilustracje ; 13 cm x 14 cm. 2rdacontentaNagranie muzycznebprm 2rdacontent3DodatekaTekstbtxt 2rdamediaaAudiobs 2rdamediaaKomputerbc 2rdamedia3DodatekaBez urządzenia pośredniczącegobn 2rdacarrieraPłyta audiobd 2rdacarrier3DodatekaWoluminbc aMuzyka a1801-1900 a1901-20001 aBiblioteka Gazety Wyborczej. Wielcy Kompozytorzy ;v20 aTekst komentarza: Artur Szklener. aWykonanie: Royal Philharmonic Orchestra ; Sir Charles Mackerras, dyrygent. aNagranie: Abbey Road, Studio One, Londyn, marzec 1995 rok. aTako rzecze Zaratustra op.30, Don Juan op.20, Wesołe figle Dyla Sowizdrzała op.28.17aStrauss, Richardd(1864-1949)17aZaratusztrad(ok. 628-ok. 551 p.n.e.) 17aDon Juanc(postać fikcyjna) 17aDyl Sowizdrzałc(postać legendarna) a1801-1900 a1901-2000 9aKompozytorzy niemieccy 7aDokumenty dźwiękowe 7aMuzyka instrumentalna 7aMuzyka na orkiestrę 7aMuzyka poważna 7aPoemat symfoniczny1 aSzklener, ArtureTekst1 aMackerras, CharleseDyrygentd(1925-2010) 2aRoyal Philharmonic Orchestra (Londyn)eWykonanie 2aMediasat PolandeWydawca 0aBiblioteka Gazety Wyborczej.pWielcy Kompozytorzyv20 cCD2UKD c34975d34975 00104071aBPKbBPKccg14.90oCD 1347p00336178t0/9(0.034.2) DeyCD